00000000nam 2200000zi 4500
0019.946620
003CaOODSP
00520250109074816
006m     o  d f      
007cr mn|||||||||
008250108s1970    onc     o    f000 0 fre d
040 |aCaOODSP|bfre|erda|cCaOODSP
0410 |aeng|afre
043 |an-cn---
0861 |aC2-673/1970-PDF
24500|aAutomotive Adjustment Assistance Program, AAA = |bProgramme d'aide à la réadaptation de l'industrie de l'automobile, AAA.
24611|aProgramme d'aide à la réadaptation de l'industrie de l'automobile, AAA
24616|aAutomotive Adjustment Assistance Program (AAA) = |bProgramme d'aide à la réadaptation de l'industrie de l'automobile (AAA)
264 1|aOttawa, Canada : |bDepartment of Industry, Trade and Commerce = Ministère de l'industrie et du commerce, |c1970.
300 |a1 ressource en ligne (4 pages)
336 |atexte|btxt|2rdacontent/fre
337 |ainformatique|bc|2rdamedia/fre
338 |aressource en ligne|bcr|2rdacarrier/fre
500 |aTitre de la couverture.
500 |aÉdition numérisée de l'imprimé [par Innovation, sciences et développement économique Canada].
546 |aTexte en anglais et en français.
650 6|aAutomobiles|xÉquipement|xIndustrie|zCanada|xFinances.
650 6|aAutomobiles|xÉquipement|xIndustrie|xPolitique gouvernementale|zCanada.
650 6|aAide à l'ajustement de la commercialisation|zCanada.
7101 |aCanada. |bMinistère de l'industrie et du commerce, |eorganisme de publication.
788 |tAutomotive Adjustment Assistance Program, AAA = |eeng|w(CaOODSP)9.934139
85640|qPDF|s490 Ko|uhttps://publications.gc.ca/collections/collection_2025/isde-ised/c2/C2-673-1970.pdf